Top Five Countries - Flag Edition - Statistics

General Stats
  • This quiz has been taken 96 times
  • The average score is 15 of 39
Answer Stats
Country % Correct
United States
99%
China
87%
Brazil
74%
Japan
69%
Vietnam
63%
Vatican City
59%
Malaysia
58%
Saudi Arabia
55%
Liberia
54%
Turkey
54%
Morocco
53%
Ukraine
46%
Cyprus
45%
Afghanistan
42%
Pakistan
42%
Bangladesh
37%
Somalia
35%
South Korea
35%
F. S. Micronesia
32%
Greece
32%
Colombia
31%
Uruguay
31%
Brunei
28%
Kyrgyzstan
27%
Kazakhstan
26%
Uzbekistan
23%
Guatemala
22%
Turkmenistan
22%
Kosovo
21%
Nauru
21%
Paraguay
21%
Zambia
21%
Dominican Republic
17%
Ecuador
15%
El Salvador
14%
Nicaragua
14%
Cape Verde
12%
Dominica
12%
Georgia
6%
No matching quizzes found
Score Distribution
Percent of People with Each Score
Percentile by Number Answered
Your Score History
You have not taken this quiz